| 000 | 00555nam a2200181Ia 4500 | ||
|---|---|---|---|
| 008 | 090123s9999 xx 000 0 und d | ||
| 082 | _b15017 | ||
| 100 | _aराजाध्यक्ष विजया | ||
| 245 | _aस्वच्छंद | ||
| 250 | _a1 | ||
| 260 | _bडिंपल प्रकाशन | ||
| 300 | _a126 | ||
| 600 | _aराजाध्यक्ष विजया | ||
| 630 | _aस्वच्छंद | ||
| 700 | _aराजाध्यक्ष विजया | ||
| 730 | _aस्वच्छंद | ||
| 942 | _cBOOK | ||
| 999 |
_c53078 _d53078 |
||